000 00449nam a2200133Ia 4500
008 231129s9999||||xx |||||||||||||| ||spa||
020 _a958-9075-97-5
040 _bspa
082 _aCo864 M828m
100 _aMorales Bení­tez Otto
245 0 _aLa montaña de la dura cerviz: Apreciaciones sobre la obra de Baldomero Saní­n Cano. Segunda parte
264 _aBiblioteca Pública Piloto
942 _2ddc
_cBKS
999 _c17646
_d17646